000 00299nam a2200109Ia 4500
008 220120s9999||||xx |||||||||||||| ||und||
100 _aCompetition Success Review
245 0 _aGeneral knowledge year book 2010
260 _aCompetition success review
_c2010
300 _b0
650 _aGENERAL BOOKS
999 _c136867
_d136867